Nedokončené verše / Ilse Weberová ; [překl. Zdena Bratršovská ... a kol.]
Výbor z dochovaných veršů židovské básnířky a autorky dětských knížek, která tragicky zahynula během druhé světové války v německém koncentračním táboře.
Autorčiny verše jsou především hořkou výpovědí o životě v ghettech a koncentračních táborech během druhé světové války. Toto období se pro ni stalo zlomovým úsekem, na němž se rozhodovalo i o jejím životě. Snad proto je cítit z veršů Ilse Weberové pocit nejistoty, neustálého ohrožení i nezměrného utrpení. Autorka podává svědectví o lidech, kteří "šli s hlavou sklopenou a na prsou / svou Davidovu hvězdu nesli" a jejichž osudem se stalo nelidské odsouzení ke "ztrátě naděje, k bezmezné hanbě, umírání."
Record details
- Physical Description: 96 s. : il. ; 20 cm
- Publisher: S.l. : s.n., [kolem r. 2009]
Available copies
- 2 of 2 copies available at Common Catalog SPOK.
Holds
- 0 current holds with 2 total copies.
Show Only Available Copies
| Location | Call Number / Copy Notes | Barcode | Shelving Location | Status | Due Date |
|---|---|---|---|---|---|
| Terezin Initiative Institute | 5549 | 4594305549 | Knihovna ITI | Available | - |
| The Jewish community of Prague | K 2976 | 4638300426 | K - Beletrie | Available | - |
| LDR | 01266nam a2200181 a 4500 | ||
|---|---|---|---|
| 001 | 27940 | ||
| 003 | CZ-PrJAB | ||
| 005 | 20221122050410.0 | ||
| 008 | 100101s2009 xr gr 0 cze | ||
| 035 | . | ‡a(CONS)2762 | |
| 035 | . | ‡a(CZ PrSKC)3159502 | |
| 040 | . | ‡aABG001 ‡bcze ‡cABG001 | |
| 100 | 1 | . | ‡aWeberová, Ilse, ‡d1903-1944 ‡4aut |
| 245 | 1 | 0. | ‡aNedokončené verše / ‡cIlse Weberová ; [překl. Zdena Bratršovská ... a kol.] |
| 260 | . | ‡aS.l. : ‡bs.n., ‡c[kolem r. 2009] | |
| 300 | . | ‡a96 s. : ‡bil. ; ‡c20 cm | |
| 520 | 9 | . | ‡aVýbor z dochovaných veršů židovské básnířky a autorky dětských knížek, která tragicky zahynula během druhé světové války v německém koncentračním táboře. |
| 520 | 9 | . | ‡aAutorčiny verše jsou především hořkou výpovědí o životě v ghettech a koncentračních táborech během druhé světové války. Toto období se pro ni stalo zlomovým úsekem, na němž se rozhodovalo i o jejím životě. Snad proto je cítit z veršů Ilse Weberové pocit nejistoty, neustálého ohrožení i nezměrného utrpení. Autorka podává svědectví o lidech, kteří "šli s hlavou sklopenou a na prsou / svou Davidovu hvězdu nesli" a jejichž osudem se stalo nelidské odsouzení ke "ztrátě naděje, k bezmezné hanbě, umírání." |
| 700 | 1 | . | ‡aBratršovská, Zdena, ‡d1951- ‡4trl |
| 852 | 4 | . | ‡bJACH-ITI ‡bJACH-ITI ‡cKnihovna ITI ‡j5549 ‡p5549 ‡y$0.00 |
| 910 | . | ‡aABE340 ‡b5549 | |
| 910 | . | ‡aABE461 | |
| 995 | . | ‡aska | |
| 995 | . | ‡askok=901 \\ ‡a27940 ‡bUnknown ‡c27940 ‡tbiblio | |
| 901 | . | ‡a27940 ‡bUnknown ‡c27940 ‡tbiblio | |